000 00765nam a2200265Ia 4500
001 19629
003 DO-CoUTE
005 20260204212624.0
008 220104s9999 dr 000 0 spa d
020 _a978-84-313-2704-0
040 _aDO-CoUTE
_bspa
_cDO-CoUTE
041 0 _aspa
082 _a370.13 IS73e
100 1 _aIsaacs, David
245 1 0 _aLa educación de las virtudes humanas y su evaluación / David Isaacs
250 _aDecimoquinta edición
260 _aNavarra, España: Editorial Universidad de Navarra
300 _a474 páginas
650 4 _aEducación moral
650 4 _aFilosofía de la educación
650 4 _aValores sociales
942 _2ddc
_cBK
999 _c21338
_d21338